[Event "GRENKE Chess Open 2024"]
[Site "Karlsruhe"]
[Date "2024.04.01"]
[Round "8.6"]
[White "Finek, Vaclav"]
[Black "Indjic, Aleksandar"]
[Result "0-1"]
[WhiteElo "2436"]
[BlackElo "2595"]
[Annotator "TA"]
[PlyCount "214"]
[EventDate "2024.03.28"]
[EventType "swiss"]
[EventCountry "GER"]
[SourceTitle "playchess.com"]
[Source "ChessBase"]
[SourceQuality "1"]

1. d4 Nf6 2. c4 c5 3. d5 e6 4. Nc3 exd5 5. cxd5 d6 6. Nf3 g6 7. Bf4 Bg7 8. h3 O-O 9. e3 Ne8 10. e4 Nd7 11. Qd2 Qe7 12. Bd3 Ne5 13. Nxe5 dxe5 14. Bg5 f6 15. Be3 b6 16. f3 Nd6 17. g4 Bd7 18. h4 c4 19. Bc2 b5 20. Ne2 a5 21. h5 Rfc8 22. Kf2 b4 23. a4 b3 24. Bb1 Qf7 25. Nc3 Bf8 26. Ke2 Bg7 27. Qe1 Qe7 28. Qh4 g5 29. Qf2 Bf8 30. Rc1 Qe8 31. Kf1 Ra6 32. Kg2 Rb8 33. Bc5 Rc8 34. Be3 Be7 35. Qe2 Bd8 36. Qf2 Rb8 37. Bc5 Bb6 38. Bxb6 Rbxb6 39. Qc5 Rb4 40. Qc7 Rb7 41. Qc5 Qb8 42. Kf1 Rb4 43. Ke2 Kf7 44. Ra3 Ke7 45. Ra1 h6 46. Ra3 Kd8 47. Ra1 Qc7 48. Qxc7+ Kxc7 49. Kd2 Kb6 50. Ra3 Kc5 51. Ke3 Nc8 52. Ke2 Nb6 53. Kd2 Kd6 54. Ke3 Bxa4 55. Kd2 Bd7 56. Ra1 Kc5 57. Ra3 Ra8 58. Nd1 Kd4 59. Nc3 Na4 60. Nd1 Rc8 61. Nc3 Ra8 62. Nd1 Ra6 63. Ra1 Nb6 64. Ne3 Ra8 65. Ra3 Ra7 66. Ra1 Nc8 67. Nd1 Ra4 68. Rxa4 Bxa4 69. Bd3 Nd6 70. Be2 Bd7 71. Nc3 a4 72. Nb1 a3 73. bxa3 b2 74. Rc2 Rb7 75. Rc3 Rb8 76. Bd1 Nb5 77. Re3 Nd6 78. Bc2 Ra8 79. Nc3 Kc5 80. a4 Rb8 81. Re1 Nb7 82. Rb1 Na5 83. Nd1 Kd4 84. Nc3 Nb3+ 85. Bxb3 Rxb3 86. Ne2+ Kc5 87. Nc3 Kb4 88. a5 Rxc3 89. Rxb2+ Rb3 90. Rxb3+ cxb3 91. a6 Ba4 92. a7 b2 93. a8=Q b1=Q 94. Qf8+ Kb3 95. Qb8+ Ka2 96. Qxb1+ Kxb1 97. Kc3 Bd1 98. d6 Ba4 99. Kb4 Be8 100. Kc5 Kc2 101. Kb6 Kd3 102. Kc7 Ke3 103. Kd8 Bb5 104. Ke7 Kxf3 105. Kxf6 Kxe4 106. Kg7 Kf4 107. Kxh6 Kxg4 0-1

[Event "GRENKE Chess Open 2024"]
[Site "Karlsruhe"]
[Date "2024.04.01"]
[Round "8.6"]
[White "Garner, Isaac"]
[Black "Froewis, Georg"]
[Result "1/2-1/2"]
[WhiteElo "2294"]
[BlackElo "2450"]
[Annotator "RC"]
[PlyCount "51"]
[EventDate "2024.03.28"]
[EventType "swiss"]
[EventCountry "GER"]
[SourceTitle "playchess.com"]
[Source "ChessBase"]
[SourceQuality "1"]

1. c4 Nf6 2. Nf3 g6 3. d4 Bg7 4. g3 O-O 5. Bg2 c6 6. O-O d5 7. a4 Be6 8. Nc3 Ne4 9. a5 Qc8 10. Bf4 Rd8 11. Qc2 Na6 12. Rfd1 Nb4 13. Qa4 c5 14. Rac1 Nxc3 15. bxc3 Nc6 16. Ng5 Bd7 17. cxd5 Nxd4 18. Qa2 Nb5 19. Bd2 Nd6 20. c4 h6 21. Ne4 Bh3 22. Bh1 Bg4 23. Bc3 Bf5 24. Bxg7 Bxe4 25. Ba1 Bxh1 26. Kxh1 1/2-1/2

[Event "GRENKE Chess Open 2024"]
[Site "Karlsruhe"]
[Date "2024.04.01"]
[Round "8.7"]
[White "Maurizzi, Marc`Andria"]
[Black "Svane, Rasmus"]
[Result "1/2-1/2"]
[WhiteElo "2602"]
[BlackElo "2623"]
[Annotator "TA"]
[PlyCount "66"]
[EventDate "2024.03.28"]
[EventType "swiss"]
[EventCountry "GER"]
[SourceTitle "playchess.com"]
[Source "ChessBase"]
[SourceQuality "1"]

1. d4 Nf6 2. c4 e6 3. Bf4 Bb4+ 4. Nd2 c5 5. dxc5 Bxc5 6. e3 O-O 7. Ngf3 Nc6 8. a3 b6 9. Be2 Bb7 10. O-O Be7 11. h3 d5 12. cxd5 Nxd5 13. Bg3 Bd6 14. Bxd6 Qxd6 15. Rc1 Rac8 16. Qa4 Qb8 17. Ba6 Rc7 18. Bxb7 Qxb7 19. Ne4 Rd8 20. Neg5 Rdc8 21. Qh4 Nf6 22. Ne4 Ne8 23. Nc3 Ne7 24. Rcd1 Rc4 25. Qg3 Nf6 26. Nd4 a6 27. Rd3 h6 28. Rfd1 Qc7 29. Qxc7 R4xc7 30. Nf3 Ned5 31. Nxd5 Nxd5 32. Kf1 Kf8 33. Ke2 Ke7 1/2-1/2

[Event "GRENKE Chess Open 2024"]
[Site "Karlsruhe"]
[Date "2024.04.01"]
[Round "8.7"]
[White "Durak, Can"]
[Black "Hampel, Felix"]
[Result "1/2-1/2"]
[WhiteElo "2450"]
[BlackElo "2294"]
[Annotator "RC"]
[PlyCount "68"]
[EventDate "2024.03.28"]
[EventType "swiss"]
[EventCountry "GER"]
[SourceTitle "playchess.com"]
[Source "ChessBase"]
[SourceQuality "1"]

1. d4 e6 2. c4 d5 3. Nf3 Nf6 4. g3 Bb4+ 5. Bd2 Be7 6. Bg2 c6 7. Qc2 Nbd7 8. O-O b6 9. Bf4 Ba6 10. Nbd2 O-O 11. Rfd1 Nh5 12. Be3 f5 13. cxd5 cxd5 14. Qc6 Kf7 15. Ng5+ Bxg5 16. Bxg5 Qxg5 17. Qxd7+ Qe7 18. Qa4 Qb7 19. e3 Rfc8 20. Nf3 Kg8 21. Ne5 Nf6 22. Rdc1 Be2 23. Re1 b5 24. Qb3 Bc4 25. Qd1 b4 26. Qa4 Qb5 27. Qxb5 Bxb5 28. Rec1 Nd7 29. Nxd7 Bxd7 30. Bf1 a5 31. Bd3 Kf8 32. Kf1 Ke7 33. Ke2 Kd6 34. Kd2 g5 1/2-1/2

[Event "GRENKE Chess Open 2024"]
[Site "Karlsruhe"]
[Date "2024.04.01"]
[Round "8.7"]
[White "Vandenbussche, Thibaut"]
[Black "Yoo, Christopher Woojin"]
[Result "0-1"]
[WhiteElo "2427"]
[BlackElo "2583"]
[Annotator "TA"]
[PlyCount "62"]
[EventDate "2024.03.28"]
[EventType "swiss"]
[EventCountry "GER"]
[SourceTitle "playchess.com"]
[Source "ChessBase"]
[SourceQuality "1"]

1. e4 c6 2. d4 d5 3. e5 Bf5 4. h4 h5 5. c4 dxc4 6. Bxc4 e6 7. Nc3 Nd7 8. Nge2 Be7 9. Ng3 Bg6 10. Nce2 Qb6 11. O-O Rd8 12. Qa4 Bxh4 13. Bd2 Qxb2 14. Bc3 Bc2 15. Qxa7 Qb6 16. Qa3 Be7 17. Qc1 Bg6 18. Qe1 h4 19. Ba5 Qb2 20. Bc3 Qa3 21. Nf4 hxg3 22. Nxg6 fxg6 23. Qb1 Qxc3 24. Qxg6+ Kf8 25. Qxe6 Nh6 26. Rad1 Nb6 27. Be2 Rxd4 28. Rxd4 Qxd4 29. Bh5 Qf4 30. Rd1 gxf2+ 31. Kf1 Qc4+ 0-1

[Event "GRENKE Chess Open 2024"]
[Site "Karlsruhe"]
[Date "2024.04.01"]
[Round "8.8"]
[White "Chigaev, Maksim"]
[Black "Horvath, Dominik"]
[Result "1/2-1/2"]
[WhiteElo "2617"]
[BlackElo "2534"]
[Annotator "RC"]
[PlyCount "85"]
[EventDate "2024.03.28"]
[EventType "swiss"]
[EventCountry "GER"]
[SourceTitle "playchess.com"]
[Source "ChessBase"]
[SourceQuality "1"]

1. e4 c5 2. Nc3 Nc6 3. Bb5 Nd4 4. Nf3 a6 5. Bd3 g6 6. O-O Bg7 7. Re1 d6 8. Nxd4 cxd4 9. Ne2 Bd7 10. b3 Bc6 11. Bb2 e5 12. c3 dxc3 13. dxc3 Nf6 14. Ng3 d5 15. exd5 Qxd5 16. Bf1 O-O 17. c4 Qxd1 18. Rb1 Qc1 19. Rbxc1 e4 20. Rcd1 Rfe8 21. b4 Red8 22. Rxd8+ Rxd8 23. b5 axb5 24. cxb5 Bd5 25. Rd1 Rd7 26. a4 Bb3 27. Rxd7 Nxd7 28. Bxg7 Kxg7 29. a5 f5 30. Ne2 Kf6 31. a6 Ke5 32. f3 exf3 33. gxf3 Kd6 34. Nc3 Kc5 35. Kf2 bxa6 36. bxa6 Kb6 37. Ke3 Nc5 38. Kf4 Nxa6 39. Bxa6 Kxa6 40. Kg5 Kb6 41. f4 Kc5 42. Ne2 Bd1 43. Ng3 1/2-1/2

[Event "GRENKE Chess Open 2024"]
[Site "Karlsruhe"]
[Date "2024.04.01"]
[Round "8.8"]
[White "Pultinevicius, Paulius"]
[Black "Ben Ari, Yannay"]
[Result "1-0"]
[WhiteElo "2575"]
[BlackElo "2434"]
[Annotator "TA"]
[PlyCount "105"]
[EventDate "2024.03.28"]
[EventType "swiss"]
[EventCountry "GER"]
[SourceTitle "playchess.com"]
[Source "ChessBase"]
[SourceQuality "1"]

1. d4 Nf6 2. Nf3 g6 3. c4 Bg7 4. Nc3 O-O 5. e4 d6 6. Be2 e5 7. O-O h6 8. dxe5 dxe5 9. Be3 Nc6 10. Qc1 Nd4 11. Bxh6 Nxe4 12. Bxg7 Kxg7 13. Nxd4 Qxd4 14. Nxe4 Qxe4 15. Bf3 Qf4 16. Qxf4 exf4 17. Rad1 Be6 18. Rd4 g5 19. Rfd1 c6 20. h4 gxh4 21. Rxf4 Rad8 22. Rfd4 Rxd4 23. Rxd4 Rh8 24. c5 Kg6 25. Ra4 a6 26. Rb4 Bc8 27. Bg4 f5 28. Bd1 Re8 29. Rd4 Re1+ 30. Kh2 Be6 31. Bf3 Re5 32. Rb4 Rxc5 33. Rxb7 Bxa2 34. b4 Rc2 35. Rb6 Kg5 36. Bxc6 Bc4 37. Kg1 Rc1+ 38. Kh2 Rc2 39. Kg1 Rc1+ 40. Kh2 Rf1 41. f3 Rf2 42. Be8 Re2 43. Rg6+ Kf4 44. Rh6 Ke3 45. Bd7 f4 46. Bc8 Rb2 47. Bxa6 Bd5 48. Rd6 Rd2 49. Kh3 Rd1 50. Kxh4 Bxf3 51. Re6+ Kf2 52. gxf3 Rb1 53. Kg4 1-0

[Event "GRENKE Chess Open 2024"]
[Site "Karlsruhe"]
[Date "2024.04.01"]
[Round "8.8"]
[White "Brodowski, Piotr"]
[Black "Barzen, Pascal"]
[Result "1/2-1/2"]
[WhiteElo "2435"]
[BlackElo "2286"]
[Annotator "RC"]
[PlyCount "85"]
[EventDate "2024.03.28"]
[EventType "swiss"]
[EventCountry "GER"]
[SourceTitle "playchess.com"]
[Source "ChessBase"]
[SourceQuality "1"]

1. d4 Nf6 2. Bg5 g6 3. Bxf6 exf6 4. c4 d5 5. cxd5 Qxd5 6. Nc3 Qd8 7. Nf3 Bd6 8. e4 O-O 9. h3 Nd7 10. Be2 c5 11. d5 Ne5 12. Nd2 f5 13. g3 fxe4 14. Ndxe4 Re8 15. f4 Nc4 16. Qa4 Rxe4 17. Nxe4 Nb6 18. Qb3 c4 19. Qc3 Nxd5 20. Qd4 Qa5+ 21. Kf2 Be7 22. Bxc4 Be6 23. Bxd5 Bxd5 24. Rhd1 Bc6 25. Nf6+ Bxf6 26. Qxf6 Qc5+ 27. Kf1 Bb5+ 28. Kg2 Bc6+ 29. Kf1 Qe3 30. Rd8+ Rxd8 31. Qxd8+ Kg7 32. Rd1 Bb5+ 33. Kg2 Bc6+ 34. Kf1 Qf3+ 35. Ke1 Qxg3+ 36. Kd2 Qxf4+ 37. Kc3 Qe3+ 38. Rd3 Qc5+ 39. Kb3 Qb5+ 40. Kc3 Qc5+ 41. Kb3 Qb5+ 42. Kc3 Qc5+ 43. Kb3 1/2-1/2

[Event "GRENKE Chess Open 2024"]
[Site "Karlsruhe"]
[Date "2024.04.01"]
[Round "8.9"]
[White "Papp, Gabor"]
[Black "Divya Deshmukh"]
[Result "0-1"]
[WhiteElo "2558"]
[BlackElo "2424"]
[Annotator "ChessBase"]
[PlyCount "106"]
[EventDate "2024.03.28"]
[EventType "swiss"]
[EventCountry "GER"]
[SourceTitle "playchess.com"]
[Source "ChessBase"]
[SourceQuality "1"]

1. e4 e6 2. d4 d5 3. e5 c5 4. c3 Nc6 5. Nf3 Qb6 6. Bd3 cxd4 7. O-O Bd7 8. Re1 a6 9. Nbd2 Nge7 10. h4 dxc3 11. bxc3 Ng6 12. Nb3 Qc7 13. Qe2 f6 14. exf6 gxf6 15. Rb1 Bd6 16. Nbd4 e5 17. Nf5 Bc5 18. Ng7+ Kd8 19. Bf5 Bxf5 20. Nxf5 Qd7 21. Ng3 Kc7 22. c4 Rad8 23. cxd5 Qxd5 24. Ne4 Bb4 25. Bd2 Bxd2 26. Nfxd2 f5 27. Qe3 Qd4 28. Qb3 b5 29. Ng5 Qxd2 30. Ne6+ Kb6 31. Rbd1 Qh6 32. Nxd8 Rxd8 33. Rxd8 Nxd8 34. a4 Nc6 35. axb5 axb5 36. Rb1 b4 37. Qe6 Qxh4 38. Qxf5 Nge7 39. Qd3 h5 40. Ra1 Qd4 41. Qa6+ Kc7 42. Rc1 h4 43. Rc4 Qb6 44. Qa1 Kb7 45. Rxh4 b3 46. Qb2 Nd4 47. Rh7 Qc5 48. Kh2 Kb6 49. Rh3 Qc2 50. Qa3 Nec6 51. Rh6 b2 52. Qb4+ Nb5 53. Rxc6+ Kxc6 0-1

[Event "GRENKE Chess Open 2024"]
[Site "Karlsruhe"]
[Date "2024.04.01"]
[Round "8.9"]
[White "Vavulin, Maxim"]
[Black "Meier, Georg"]
[Result "1/2-1/2"]
[WhiteElo "2538"]
[BlackElo "2620"]
[Annotator "TA"]
[PlyCount "196"]
[EventDate "2024.03.28"]
[EventType "swiss"]
[EventCountry "GER"]
[SourceTitle "playchess.com"]
[Source "ChessBase"]
[SourceQuality "1"]

1. e4 e6 2. Qe2 c5 3. g3 Nc6 4. c3 e5 5. Bg2 g6 6. d3 Nf6 7. f4 d6 8. Nf3 Bg7 9. O-O exf4 10. Bxf4 O-O 11. Na3 Bg4 12. Qe3 Be6 13. Ng5 Bc8 14. Nc4 Ng4 15. Qe2 Nce5 16. d4 cxd4 17. cxd4 h6 18. Nf3 Nxc4 19. Qxc4 Qb6 20. Bd2 Bd7 21. Qb4 Bb5 22. Bf4 Bxf1 23. Qxb6 axb6 24. Bxf1 Rfe8 25. Bd3 Rad8 26. Kg2 Nf6 27. Re1 Re6 28. h4 Rde8 29. Nd2 Nd5 30. Bc4 Nxf4+ 31. gxf4 R6e7 32. e5 Rd8 33. Nf3 h5 34. Kg3 Kf8 35. Bb3 b5 36. Re2 Bh6 37. Rc2 Kg7 38. d5 Kf8 39. Re2 Bg7 40. Re4 Rc7 41. Ng5 Bh6 42. Nf3 Rc5 43. Rd4 Ke7 44. Rd1 Bg7 45. Rd2 Bh6 46. Rd1 Rdc8 47. Re1 Rc1 48. Re2 Rf1 49. Rg2 Rcc1 50. Re2 Bg7 51. Re4 Bh6 52. Rb4 Rc5 53. Re4 Rb1 54. Re2 Rc8 55. Rg2 Rf1 56. Re2 Rh1 57. Re4 Rc5 58. Re2 Rcc1 59. Re4 Rhf1 60. Rb4 Rc5 61. Re4 Rb1 62. Re2 Rc7 63. Rg2 Rcc1 64. Re2 Rf1 65. Rc2 Rbc1 66. Re2 Rxf3+ 67. Kxf3 Rf1+ 68. Rf2 Rxf2+ 69. Kxf2 Bxf4 70. e6 f5 71. Bc2 Be5 72. b4 Bc3 73. Bd3 Bxb4 74. Bxb5 Ba5 75. Ba4 Kf8 76. Bb5 Bd8 77. Kg3 Bf6 78. Ba4 Kg7 79. Be8 Kh6 80. Bf7 Bd8 81. Be8 Be7 82. Bb5 g5 83. hxg5+ Kxg5 84. Bd3 Bf8 85. Bc2 h4+ 86. Kf3 Be7 87. Bd3 Bf6 88. Bc2 Be7 89. Bd3 Bf8 90. Bc2 Kf6 91. Kf4 Bh6+ 92. Kf3 Bg5 93. e7 Kxe7 94. Bxf5 Kf6 95. Bc2 Ke5 96. Bb3 b5 97. Kg4 Bd8 98. Kh3 Kd4 1/2-1/2

[Event "GRENKE Chess Open 2024"]
[Site "Karlsruhe"]
[Date "2024.04.01"]
[Round "8.9"]
[White "Pyrig, Roman"]
[Black "Makkar, Rajat"]
[Result "1-0"]
[WhiteElo "2286"]
[BlackElo "2434"]
[Annotator "RC"]
[PlyCount "175"]
[EventDate "2024.03.28"]
[EventType "swiss"]
[EventCountry "GER"]
[SourceTitle "playchess.com"]
[Source "ChessBase"]
[SourceQuality "1"]

1. d4 Nf6 2. c4 e6 3. Nf3 b6 4. g3 Ba6 5. b3 Bb4+ 6. Bd2 Be7 7. Nc3 d5 8. cxd5 exd5 9. Bg2 O-O 10. O-O Re8 11. a3 c5 12. Bf4 Nc6 13. dxc5 bxc5 14. b4 cxb4 15. axb4 Nxb4 16. Nd4 Qd7 17. Qa4 Qxa4 18. Rxa4 Rac8 19. Ncb5 Bxb5 20. Nxb5 Rc2 21. Rb1 Nc6 22. Ra6 h6 23. h4 Bf8 24. e3 Rc8 25. Nc7 Rd8 26. Rd1 Rd7 27. Bh3 Rd8 28. Bg2 Rd7 29. Bh3 Rd8 30. Nb5 Ra8 31. Rda1 Nb4 32. Rxa7 Rxa7 33. Rxa7 Nd3 34. Nd4 Rc1+ 35. Bf1 Nxf4 36. gxf4 Ne4 37. Kg2 Rc8 38. Ba6 Rb8 39. Rb7 Ra8 40. Be2 Bc5 41. Nb3 Bf8 42. Bf3 Nf6 43. Rb5 Rd8 44. Nd4 Rd6 45. Nf5 Rd8 46. Nd4 Rd6 47. h5 g6 48. Rb8 Kg7 49. Rb7 Kg8 50. Bd1 Ne4 51. Bc2 Bg7 52. Nf3 Rc6 53. Rb8+ Kh7 54. hxg6+ Kxg6 55. Bd3 Rd6 56. Nh4+ Kf6 57. Bxe4 dxe4 58. Rb5 Ra6 59. Nf5 Bf8 60. Ng3 Kg6 61. Nxe4 Be7 62. Ng3 Rc6 63. Kf3 Ra6 64. Kg4 Rc6 65. Rb7 Bd8 66. Rb8 Bf6 67. Nh5 Bc3 68. Rg8+ Kh7 69. Rf8 Rc7 70. e4 Bb4 71. Rb8 Be7 72. Kf5 Ra7 73. e5 Rc7 74. Re8 Bh4 75. Kg4 Be7 76. f5 f6 77. e6 Ra7 78. Kf3 Ra3+ 79. Ke4 Ra4+ 80. Kd5 Ra5+ 81. Kc6 Ra7 82. Rxe7+ Rxe7 83. Kd6 Ra7 84. e7 Ra6+ 85. Kd5 Rb6 86. e8=Q Rd6+ 87. Ke4 Rd4+ 88. Kf3 1-0

[Event "GRENKE Chess Open 2024"]
[Site "Karlsruhe"]
[Date "2024.04.01"]
[Round "8.10"]
[White "Nasuta, Grzegorz"]
[Black "Petkidis, Anthony"]
[Result "1/2-1/2"]
[WhiteElo "2552"]
[BlackElo "2423"]
[Annotator "TA"]
[PlyCount "35"]
[EventDate "2024.03.28"]
[EventType "swiss"]
[EventCountry "GER"]
[SourceTitle "playchess.com"]
[Source "ChessBase"]
[SourceQuality "1"]

1. e4 c6 2. d4 d5 3. e5 Bf5 4. Nd2 e6 5. Nb3 c5 6. Bb5+ Nc6 7. dxc5 Bxc5 8. Bxc6+ bxc6 9. Nxc5 Qa5+ 10. c3 Qxc5 11. Ne2 Qa5 12. b4 Qc7 13. Be3 f6 14. f4 fxe5 15. fxe5 Qxe5 16. Qd4 Qxd4 17. Bxd4 Nf6 18. Bxf6 1/2-1/2

[Event "GRENKE Chess Open 2024"]
[Site "Karlsruhe"]
[Date "2024.04.01"]
[Round "8.10"]
[White "Rosner, Jonas"]
[Black "Lye, Lik Zang"]
[Result "1/2-1/2"]
[WhiteElo "2431"]
[BlackElo "2286"]
[Annotator "RC"]
[PlyCount "184"]
[EventDate "2024.03.28"]
[EventType "swiss"]
[EventCountry "GER"]
[SourceTitle "playchess.com"]
[Source "ChessBase"]
[SourceQuality "1"]

1. e4 c5 2. Nc3 Nc6 3. Bb5 Nd4 4. Nf3 a6 5. Bd3 Nc6 6. O-O d6 7. Be2 g6 8. d4 cxd4 9. Nxd4 Bg7 10. Be3 Nf6 11. Nb3 O-O 12. f4 b5 13. Bf3 e5 14. f5 Ne7 15. g4 b4 16. Ne2 gxf5 17. gxf5 Bb7 18. Ng3 Rc8 19. Qd2 d5 20. Nh5 dxe4 21. Qxb4 Ned5 22. Nxf6+ Qxf6 23. Qxe4 Nxe3 24. Qxe3 e4 25. Bg2 Rxc2 26. Kh1 Bh6 27. Qd4 Qh4 28. Qb4 Rxg2 29. Kxg2 Ba8 30. Rg1 Kh8 31. Kf1 Qf4+ 32. Ke1 Qe3+ 33. Kf1 Qh3+ 34. Ke1 e3 35. Qd6 Qxf5 36. Rf1 Qh5 37. Rc1 Re8 38. Rc4 Bg7 39. Qf4 Rd8 40. Qg4 Qxg4 41. Rxg4 Bc6 42. Rxf7 Bxb2 43. Ke2 Re8 44. Na5 Bb5+ 45. Nc4 Ba3 46. Rf3 Rc8 47. Rff4 Bc5 48. a4 Bxa4 49. Nd6 Bxd6 50. Rxa4 Bxh2 51. Rxa6 Be5 52. Kxe3 Bb2 53. Ra7 Rg8 54. Rb4 Bc1+ 55. Kf3 Rf8+ 56. Kg4 h6 57. Rbb7 Re8 58. Kf5 Bg5 59. Ra6 Rf8+ 60. Kg6 Rg8+ 61. Kh5 Re8 62. Rf7 Rg8 63. Rc6 Rg7 64. Rcc7 Rxf7 65. Rxf7 Kg8 66. Kg6 Bh4 67. Rf5 Bg5 68. Rf3 Bd2 69. Rd3 Bg5 70. Rf3 Bd2 71. Rf1 Bg5 72. Rf2 Bh4 73. Re2 Kf8 74. Kxh6 Be7 75. Kg6 Ke8 76. Rd2 Bb4 77. Rd4 Ba3 78. Kf5 Ke7 79. Ke4 Bc5 80. Rd3 Bg1 81. Kd5 Kd7 82. Rg3 Bh2 83. Rg7+ Kc8 84. Kc6 Kb8 85. Kb6 Ka8 86. Rg4 Bd6 87. Rg1 Be5 88. Re1 Bd4+ 89. Kc7 Bf2 90. Re8+ Ka7 91. Rg8 Bb6+ 92. Kc6 Be3 1/2-1/2

[Event "GRENKE Chess Open 2024"]
[Site "Karlsruhe"]
[Date "2024.04.01"]
[Round "8.11"]
[White "Petrovskyi, Vadym"]
[Black "Engel, Luis"]
[Result "0-1"]
[WhiteElo "2421"]
[BlackElo "2547"]
[Annotator "TA"]
[PlyCount "54"]
[EventDate "2024.03.28"]
[EventType "swiss"]
[EventCountry "GER"]
[SourceTitle "playchess.com"]
[Source "ChessBase"]
[SourceQuality "1"]

1. d4 Nf6 2. Nf3 d5 3. c4 e6 4. Nc3 c6 5. e3 Nbd7 6. Qc2 Bd6 7. Bd3 dxc4 8. Bxc4 b5 9. Bd3 Bb7 10. O-O O-O 11. a4 b4 12. Ne4 Nxe4 13. Bxe4 f5 14. Bd3 c5 15. Qe2 Kh8 16. b3 e5 17. dxe5 Bxf3 18. gxf3 Bxe5 19. Bb2 Qg5+ 20. Kh1 Qh5 21. Bxe5 Nxe5 22. Rg1 Nxf3 23. Rg2 Rf6 24. Qb2 Rg6 25. Be2 Qh3 26. Bxf3 Qxf3 27. Rag1 Rd8 0-1

[Event "GRENKE Chess Open 2024"]
[Site "Karlsruhe"]
[Date "2024.04.01"]
[Round "8.11"]
[White "Gentemann, Moritz"]
[Black "Bulmaga, Irina"]
[Result "0-1"]
[WhiteElo "2276"]
[BlackElo "2429"]
[Annotator "ChessBase"]
[PlyCount "92"]
[EventDate "2024.03.28"]
[EventType "swiss"]
[EventCountry "GER"]
[SourceTitle "playchess.com"]
[Source "ChessBase"]
[SourceQuality "1"]

1. c4 Nf6 2. Nc3 g6 3. e4 d6 4. d4 Bg7 5. h3 O-O 6. Be3 c5 7. Nf3 Qa5 8. Bd3 cxd4 9. Nxd4 Nc6 10. O-O Bd7 11. Nb3 Qd8 12. Re1 e6 13. Bf1 Qb8 14. Qd2 Rd8 15. Rad1 Be8 16. Bg5 a6 17. Qf4 Nh5 18. Qe3 f6 19. Bh6 Bxh6 20. Qxh6 Qc7 21. Qe3 Bf7 22. Rc1 Qe7 23. Na4 Re8 24. Nb6 Rad8 25. g3 Ng7 26. Kg2 Qc7 27. c5 d5 28. exd5 exd5 29. Qf3 Rxe1 30. Rxe1 Nf5 31. Bd3 Ne5 32. Qd1 Nxd3 33. Qxd3 d4 34. Rc1 Kg7 35. Na5 Ne7 36. Kh2 g5 37. a4 Ng6 38. b4 Ne5 39. Qe4 d3 40. Rd1 Bh5 41. f4 Bxd1 42. fxe5 Qxe5 43. Qxb7+ Kh6 44. Nac4 Qe2+ 45. Kg1 Qe1+ 46. Kg2 Re8 0-1

[Event "GRENKE Chess Open 2024"]
[Site "Karlsruhe"]
[Date "2024.04.01"]
[Round "8.11"]
[White "Karas, Marek"]
[Black "Waldhausen Gordon, Frederick"]
[Result "1-0"]
[WhiteElo "2212"]
[BlackElo "2376"]
[Annotator "RC"]
[PlyCount "129"]
[EventDate "2024.03.28"]
[EventType "swiss"]
[EventCountry "GER"]
[SourceTitle "playchess.com"]
[Source "ChessBase"]
[SourceQuality "1"]

1. d4 d5 2. c4 c6 3. Nf3 Nf6 4. e3 e6 5. Bd3 Nbd7 6. Nbd2 Be7 7. O-O O-O 8. b3 b6 9. Bb2 Bb7 10. e4 dxe4 11. Nxe4 c5 12. Qe2 Qc7 13. dxc5 Nxc5 14. Nxf6+ Bxf6 15. Bxf6 gxf6 16. Bc2 a5 17. Qe3 Kg7 18. Rad1 Rad8 19. Rfe1 h5 20. Nd4 h4 21. a3 Rh8 22. h3 Rdg8 23. b4 axb4 24. axb4 Na6 25. Be4 Bxe4 26. Qxe4 f5 27. Nxe6+ fxe6 28. Qxe6 Rd8 29. Qxf5 Nxb4 30. Qg4+ Kf7 31. Rxd8 Rxd8 32. Qh5+ Kf6 33. Qxh4+ Kg6 34. Re6+ Kf7 35. Qh7+ Kxe6 36. Qxc7 Rd6 37. Qc8+ Ke7 38. c5 bxc5 39. Qxc5 Nd3 40. Qe3+ Kf7 41. f4 Rd5 42. Qe4 Rd6 43. Qh7+ Kf6 44. g4 Rd5 45. g5+ Ke6 46. Qe4+ Kd6 47. g6 Nc5 48. Qxd5+ Kxd5 49. g7 Ke4 50. g8=Q Nd3 51. Qg6+ Ke3 52. Qxd3+ Kxd3 53. f5 Ke4 54. f6 Kf3 55. f7 Kg3 56. f8=R Kxh3 57. Rg8 Kh4 58. Kf2 Kh5 59. Kf3 Kh6 60. Kf4 Kh7 61. Rg1 Kh8 62. Kf5 Kh7 63. Kf6 Kh8 64. Kf7 Kh7 65. Rh1# 1-0

[Event "GRENKE Chess Open 2024"]
[Site "Karlsruhe"]
[Date "2024.04.01"]
[Round "8.12"]
[White "Gavrilescu, David"]
[Black "Schmider, Niklas"]
[Result "1-0"]
[WhiteElo "2524"]
[BlackElo "2421"]
[Annotator "ChessBase"]
[PlyCount "81"]
[EventDate "2024.03.28"]
[EventType "swiss"]
[EventCountry "GER"]
[SourceTitle "playchess.com"]
[Source "ChessBase"]
[SourceQuality "1"]

1. e4 e5 2. Nf3 Nc6 3. d4 exd4 4. Nxd4 Nf6 5. Nxc6 bxc6 6. e5 Qe7 7. Qe2 Nd5 8. h4 a5 9. g3 Ba6 10. c4 Nb6 11. b3 O-O-O 12. Bb2 Re8 13. Bg2 f6 14. O-O fxe5 15. Qd2 g5 16. h5 Bg7 17. Qxa5 Bb7 18. Nc3 e4 19. Rae1 Qf7 20. Qa7 Rhf8 21. a4 Bd4 22. Nxe4 Bxb2 23. Nc5 Qxf2+ 24. Rxf2 Rxe1+ 25. Kh2 Rxf2 26. Qxb7+ Kd8 27. Nd3 Ree2 28. Nxf2 Rxf2 29. Qa7 Bd4 30. a5 Ra2 31. Kh3 Kc8 32. h6 g4+ 33. Kxg4 Rxg2 34. axb6 cxb6 35. Qa8+ Kc7 36. Qe8 Rh2 37. Qe4 Bc3 38. Qxh7 b5 39. cxb5 cxb5 40. b4 Bxb4 41. Qg7 1-0

[Event "GRENKE Chess Open 2024"]
[Site "Karlsruhe"]
[Date "2024.04.01"]
[Round "8.12"]
[White "Fichter, Fabian"]
[Black "Kanov, Nikola"]
[Result "0-1"]
[WhiteElo "2274"]
[BlackElo "2424"]
[Annotator "RC"]
[PlyCount "114"]
[EventDate "2024.03.28"]
[EventType "swiss"]
[EventCountry "GER"]
[SourceTitle "playchess.com"]
[Source "ChessBase"]
[SourceQuality "1"]

1. e4 c5 2. Nf3 e6 3. b3 b6 4. d4 cxd4 5. Nxd4 Bb7 6. Nd2 Nc6 7. Nxc6 Bxc6 8. Bb2 Qc7 9. Bd3 d6 10. Qe2 Nf6 11. O-O Be7 12. f4 O-O 13. Rf3 e5 14. Raf1 Rae8 15. Kh1 Nd7 16. Rh3 Bf6 17. f5 Bg5 18. Ba3 Nf6 19. Nf3 Bf4 20. g3 Bh6 21. c4 Kh8 22. Rh4 Nd7 23. Bb1 a5 24. Qg2 f6 25. Qh3 Nc5 26. Bc1 Qb7 27. Bxh6 gxh6 28. Re1 Rf7 29. Nd2 b5 30. Rxh6 bxc4 31. bxc4 Qb2 32. Qg2 Rb8 33. h3 Qc3 34. Kh2 Rb2 35. Re2 Kg7 36. Rh4 Rfb7 37. g4 h6 38. g5 hxg5 39. Rg4 Kf8 40. h4 Rh7 41. Qf2 a4 42. Kg2 Qc1 43. Kf3 Rxb1 44. Nxb1 Qxb1 45. Re1 Qd3+ 46. Re3 Qd1+ 47. Kg3 Qh1 48. Qd2 Ke7 49. Qa5 Qg1+ 50. Kf3 Qf1+ 51. Kg3 gxh4+ 52. Kh2 Qf2+ 53. Rg2 Qf4+ 54. Kh1 Qxe3 55. Rg8 Bxe4+ 56. Kh2 Qf2+ 57. Kh3 Bxf5+ 0-1

[Event "GRENKE Chess Open 2024"]
[Site "Karlsruhe"]
[Date "2024.04.01"]
[Round "8.13"]
[White "Hrbek, Stepan"]
[Black "Vogel, Roven"]
[Result "1/2-1/2"]
[WhiteElo "2417"]
[BlackElo "2521"]
[Annotator "TA"]
[PlyCount "173"]
[EventDate "2024.03.28"]
[EventType "swiss"]
[EventCountry "GER"]
[SourceTitle "playchess.com"]
[Source "ChessBase"]
[SourceQuality "1"]

1. e4 c5 2. Nf3 d6 3. Bb5+ Nd7 4. a4 Ngf6 5. Nc3 a6 6. Be2 b6 7. d4 cxd4 8. Qxd4 Bb7 9. O-O e5 10. Qe3 Nc5 11. Nd2 Be7 12. b3 O-O 13. Bb2 Ne6 14. Rfd1 Nd4 15. Bd3 Nh5 16. Nf3 Rc8 17. Ne2 Nxc2 18. Bxc2 Rxc2 19. Bxe5 Nf6 20. Ned4 Ng4 21. Qe1 Nxe5 22. Nxc2 Nxf3+ 23. gxf3 Bf6 24. Rac1 Be5 25. Ne3 Qh4 26. Nf1 Bc8 27. Rxc8 Rxc8 28. Qd2 g6 29. Rc1 Rc5 30. Rxc5 dxc5 31. Qd7 Kg7 32. Qd3 Qg5+ 33. Kh1 Qc1 34. Kg2 Bd4 35. Ne3 Qb2 36. Nd1 Qa2 37. Kg3 h5 38. h4 Qa1 39. f4 b5 40. axb5 axb5 41. Ne3 Bxe3 42. fxe3 Qg1+ 43. Kf3 Qg4+ 44. Kf2 Qxh4+ 45. Kg2 Qg4+ 46. Kh2 b4 47. Qd5 Qe2+ 48. Kh1 Qxe3 49. Qe5+ Kh7 50. f5 Qf3+ 51. Kh2 gxf5 52. exf5 Qxb3 53. Qxc5 Qb2+ 54. Kh1 b3 55. Qd5 Qc1+ 56. Kg2 Qg5+ 57. Kf1 Qc1+ 58. Kg2 Qb2+ 59. Kh1 Kg7 60. f6+ Kxf6 61. Qf3+ Ke6 62. Qe3+ Kd5 63. Qf3+ Kd6 64. Qd3+ Kc5 65. Qf5+ Kd6 66. Qd3+ Ke7 67. Qe3+ Kf8 68. Qc5+ Kg8 69. Qg5+ Qg7 70. Qd8+ Qf8 71. Qg5+ Kh7 72. Qf5+ Kh8 73. Qxh5+ Kg8 74. Qg5+ Qg7 75. Qd8+ Kh7 76. Qd3+ Qg6 77. Qxb3 f5 78. Qh3+ Kg7 79. Qg3 Kh6 80. Qxg6+ Kxg6 81. Kg2 f4 82. Kf3 Kf5 83. Kf2 Kg4 84. Kg2 f3+ 85. Kf2 Kf4 86. Kf1 f2 87. Kxf2 1/2-1/2